Bearobics / (Record no. 5478)

MARC details
000 -LEADER
fixed length control field 00979nam a22003017a 4500
001 - CONTROL NUMBER
control field 5478
003 - CONTROL NUMBER IDENTIFIER
control field FISKH
005 - DATE AND TIME OF LATEST TRANSACTION
control field 20260106101112.0
008 - FIXED-LENGTH DATA ELEMENTS--GENERAL INFORMATION
fixed length control field 241210b cb ||||| |||| 00| 0 eng d
020 ## - INTERNATIONAL STANDARD BOOK NUMBER
International Standard Book Number 0590870386
040 ## - CATALOGING SOURCE
Original cataloging agency FISKH
Language of cataloging eng
Transcribing agency FISKH
Modifying agency FISKH
050 ## - LIBRARY OF CONGRESS CALL NUMBER
Classification number PZ8.P18
082 ## - DEWEY DECIMAL CLASSIFICATION NUMBER
Classification number 123
100 ## - MAIN ENTRY--PERSONAL NAME
Personal name Parker, Vic
Dates associated with a name (1910-)
245 ## - TITLE STATEMENT
Title Bearobics /
Statement of responsibility, etc. A Hip-Hop Counting Story Vic Parker Emily Bolam
250 ## - EDITION STATEMENT
Edition statement First printing in 1998
260 ## - PUBLICATION, DISTRIBUTION, ETC.
Place of publication, distribution, etc. New York :
Name of publisher, distributor, etc. Scholastic,
Date of publication, distribution, etc. 1998.
300 ## - PHYSICAL DESCRIPTION
Extent 26 pages :
Other physical details color illustrations ;
Dimensions 23 cm
505 ## - FORMATTED CONTENTS NOTE
Formatted contents note N<br/>
520 ## - SUMMARY, ETC.
Summary, etc. When one shaggy bear increases the volume of the music, all the inhabitants of the forest--including two bouncing kangaroos and three giggling gorillas--gather for a fun time dancing.
521 8# - TARGET AUDIENCE NOTE
Target audience note 570L<br/>
Source Lexile<br/>
521 8# - TARGET AUDIENCE NOTE
Target audience note N<br/>
Source Raz-Plus<br/>
650 ## - SUBJECT ADDED ENTRY--TOPICAL TERM
Source of heading or term Rhyming
Topical term or geographic name entry element Math
650 ## - SUBJECT ADDED ENTRY--TOPICAL TERM
Source of heading or term Movement
Topical term or geographic name entry element Numbers
700 ## - ADDED ENTRY--PERSONAL NAME
Personal name Bolam, Emily
Dates associated with a name Illustrator
942 ## - ADDED ENTRY ELEMENTS (KOHA)
Source of classification or shelving scheme Dewey Decimal Classification
Koha item type Books
Suppress in OPAC No
Holdings
Withdrawn status Lost status Source of classification or shelving scheme Damaged status Not for loan Collection Home library Current library Shelving location Date acquired Total Checkouts Full call number Barcode Date last seen Copy number Price effective from Koha item type
    Dewey Decimal Classification     Juvenile Fiction Footprints International School Library Network Toul Kork Campus Footprints International School Library Network Toul Kork Campus TK Primary Library Room(4th Floor), Bookcase 3&4, Shelves 17-32, Yellow Books 12/10/2024   PAR 123 PZ8.P18 FISTK02635 12/10/2024 1 12/10/2024 Books
    Dewey Decimal Classification     Juvenile Fiction Footprints International School Library Network Toul Tom Poung Campus Footprints International School Library Network Toul Tom Poung Campus TTP Primary Yellow Bookshelves 12/19/2025   PAR 123 PZ8.P18 FISBK01271 12/19/2025 2 12/19/2025 Books